| 000 | 00579nam a22001932 4500 | ||
|---|---|---|---|
| 001 | 0000005403 | ||
| 005 | 20151217161136.0 | ||
| 008 | 070613s xx 000 0 eng d | ||
| 040 |
_aKABU _cKABU |
||
| 050 | 0 |
_aZ7757 _b.A37T44 |
|
| 245 | 1 | 0 |
_aTheological theses/dissertations in Africa / _ccompiled by Graham Naude. |
| 260 |
_a[Nairobi] : _bAEA, _c2003. |
||
| 300 | _a43 p. | ||
| 650 | 0 |
_aTheology _zAfrica _xBibliography. _@0000156711 |
|
| 700 | 1 |
_aNaude, Graham. _@0000156712 |
|
| 908 | _a070613 | ||
| 950 | _@1 | ||
| 999 |
_c15003 _d15003 |
||